00551nam a22001577a 4500020000800000040001600008082001700024100003600041245010300077250001200180260003200192300003900224942001200263999001900275952009900294 qPB. cFIZZA ISHAQ a621.043bPUL aPulkrabek , Willard W. 956114 aPearson India Engineering Fundamentals of the Internal Combustion Engine /c Willard W. Pulkrabek. a2nd ED. aNew Delhi:bPearson,c2015. a485 p. ;c 7.99 x 10 x 1.85 inches 2ddccBK c616531d616531 00102ddc4070aNQCbNQCcGENd2026-03-05l0o621.043 PULpQ-2124r2026-03-05w2026-03-05yBK